000 00517nam a2200205Ia 4500
008 170918s9999 xx 000 0 und d
020 _a1597070009
050 _bK26de 2007
100 _aKeene, Carolyn
245 4 _aThe demon of river heights /
245 _cseries by Carolyn Keene ; written by Stefan Petrucha.
260 _aChina :
260 _bPapercutz,
260 _c2005
300 _aunpaged :
300 _bcolored illustrations ;
300 _c19cm.
300 _eNancy Drew ;
440 _a1
999 _c343380
_d343380